000 00846nam a2200217 i 4500
001 162929
003 ES-MaACL
005 20250907063125.0
008 140908s2014 sp f |||| | spa d
020 _a978-84-206-8926-5
080 _a291.35(100)
100 1 _aLópez-Seivane, Francisco,
_d1945-
_973976
245 1 0 _aLugares sagrados
_b: el hombre ante el misterio /
_cF. López-Seivane.
260 _aMadrid :
_bAlianza Editorial,
_c2014.
300 _a160 p., [32] p. de lám. ;
_c13 cm.
650 4 _aLugares sagrados.
_9155420
852 _aES-MaACL
_jN-6229
_zDedicatoria autógrafa del autor
_9169075
_bR.150195
_cDEPO1
_dOlim: N-6229
_hDonación: Francisco López-Seivane
_gDedicatoria autógrafa del autor
903 _aLópez-Seivane, Francisco,
_d1945-
_ednr
_973976
942 _2udc
_cMONOGRAFIA
999 _c162929
_d162929